| 000 | 01172nam0a22003011 4500 | ||
|---|---|---|---|
| 001 | RU\INFOCOMM_327\NLR\5000002795 | ||
| 005 | 20250613102712.0 | ||
| 035 | _a(NLR Aleph) 009450557 | ||
| 090 |
_a8403114 _c8403114 |
||
| 100 | _a20121203d1985 |||y0rusy50 ca | ||
| 101 | 1 |
_afre _crus |
|
| 102 | _aRU | ||
| 105 | _ay z ||||| | ||
| 200 | 1 |
_aLe désarmement _eTel qu'il est vu au Palais des nations à Genève _fVictor Israélian _g[Trad. du russe par Igor Baïkov] |
|
| 210 |
_aM. _cEd. de l'Agence de presse "Novosti" _d1985 |
||
| 215 |
_a117 с. _d17 см |
||
| 300 | _aВ вып. дан.: Разоружение: Взгляд из Женевского дворца наций / Виктор Левонович Исраэлян | ||
| 320 | _aБиблиогр. в примеч.: с. 114-116 | ||
| 601 | 1 | 1 |
_aЖеневские переговоры _f1983 _2nlr_sh1 |
| 620 | _aМосква | ||
| 686 |
_aТ3(0)63-611.23 _2rubbk |
||
| 700 | 1 |
_9z01790 _aIsraéljan _bV. L. _f1919- _gViktor Levonovič |
|
| 790 | 1 |
_9z01700 _aIsraélian _bV. _gVictor _4070 |
|
| 801 | 1 |
_aRU _bNLR _c20121203 |
|
| 801 | 0 |
_aRU _bINFOCOMM _gPSBO |
|
| 852 |
_aNLR _jИ25 Д-1/350 |
||
| 942 | _cBOOK | ||
| 980 | _aNB | ||